000 00678nam a2200229Ia 4500
003 OSt
005 20250902102728.0
008 220917b |||||||| |||| 00| 0 eng d
020 _a9781446295434 (pbk)
037 _cTB
040 _aARTS
_cARTS
_beng
041 _2eng
_aeng
084 _aSigma:f N3;Q4
_qAL
100 _aSilverman David
_920477
245 0 _aInterpreting qualitative data David Silverman
250 _a5th ed
260 _aLondon
_bSage UK
_c2014
300 _axxiv, 489p.
_ccm.
650 _aSOCIAL SCIENCES
942 _hSigma:f N3;Q4
_cTB
_2CC
_n0
999 _c138696
_d138696